| 000 | 00878 a2200229 4500 | ||
|---|---|---|---|
| 999 |
_c5592 _d5592 |
||
| 020 | _a0855984562 | ||
| 050 | 0 | 0 | _aRA418.G3842001 |
| 245 | 0 | 0 |
_aGender, development and health / _cedited by Caroline Sweetman. |
| 264 |
_aLondon: _bOxfarm, _c2001 |
||
| 300 |
_a115 p. : _bill. |
||
| 440 | 0 | _aOxfam focus on gender | |
| 500 | _aCover title. | ||
| 504 | _aIncludes bibliographical references. | ||
| 650 | 0 |
_aHealth _xSocial aspects. |
|
| 650 | 0 | _aSocial medicine. | |
| 650 | 0 | _aMedical economics. | |
| 700 | 1 | _aSweetman, Caroline. | |
| 856 | 4 | 2 |
_3Publisher description _uhttp://www.loc.gov/catdir/enhancements/fy1115/2002318067-d.html |
| 856 | 4 | 2 |
_3Contributor biographical information _uhttp://www.loc.gov/catdir/enhancements/fy1207/2002318067-b.html |
| 942 |
_2lcc _cBK _h418.G384 _iGEN _kRA |
||